| 000 | 00470nam a2200181Ia 4500 | ||
|---|---|---|---|
| 005 | 20260429112136.0 | ||
| 008 | 260429s9999||||xx |||||||||||||| ||und|| | ||
| 020 | _a9780367752156 | ||
| 041 | _aEnglish | ||
| 082 |
_a615.7 _bHED |
||
| 100 | _aHedaya, Mohsen A. | ||
| 245 | 0 |
_aBasic pharmacokinetics / _cMohsen A. Hedaya |
|
| 250 | _a3rd ed. | ||
| 260 |
_aNew York : _bRoutledge, _c2024. |
||
| 300 | _axxxii, 431 p.; pbk | ||
| 650 | _aPharmacokinetics | ||
| 942 | _cTB | ||
| 999 |
_c52566 _d52566 |
||